[Event "FIDE World Cup 2025"]
[Site "Goa, India"]
[Date "2025.11.02"]
[Round "2.36"]
[White "Lobanov, Sergei"]
[Black "Piorun, Kacper"]
[Result "1/2-1/2"]
[TimeControl ": 90 minutes for the first 40 moves, followed by 30 minutes for the rest of the gamewith an increment of 30 seconds per move starting from move 1"]
[WhiteFideId "24183750"]
[BlackFideId "1130420"]
[WhiteElo "2526"]
[BlackElo "2557"]

1. d4 {[%clk 01:30:56]} {[%emt 00:00:02]} e6 {[%clk 01:30:54]} {[%emt
00:00:07]} 2. Nf3 {[%clk 01:27:56]} {[%emt 00:03:30]} Nf6 {[%clk 01:30:18]}
{[%emt 00:01:05]} 3. Bf4 {[%clk 01:28:07]} {[%emt 00:00:19]} b6 {[%clk
01:26:58]} {[%emt 00:03:51]} 4. e3 {[%clk 01:28:27]} {[%emt 00:00:10]} Bb7
{[%clk 01:27:17]} {[%emt 00:00:11]} 5. Bd3 {[%clk 01:28:16]} {[%emt 00:00:40]}
c5 {[%clk 01:26:58]} {[%emt 00:00:49]} 6. O-O {[%clk 01:27:24]} {[%emt
00:01:22]} cxd4 {[%clk 01:26:13]} {[%emt 00:01:16]} 7. exd4 {[%clk 01:27:48]}
{[%emt 00:00:06]} Be7 {[%clk 01:26:39]} {[%emt 00:00:04]} 8. Nbd2 {[%clk
01:26:22]} {[%emt 00:01:55]} O-O {[%clk 01:25:59]} {[%emt 00:01:10]} 9. h3
{[%clk 01:23:58]} {[%emt 00:02:54]} Ba6 {[%clk 01:25:27]} {[%emt 00:01:02]} 10.
Bxa6 {[%clk 01:22:52]} {[%emt 00:01:37]} Nxa6 {[%clk 01:25:30]} {[%emt
00:00:26]} 11. Qe2 {[%clk 01:23:10]} {[%emt 00:00:12]} Nb4 {[%clk 01:22:55]}
{[%emt 00:03:05]} 12. c3 {[%clk 01:13:32]} {[%emt 00:10:08]} Nc6 {[%clk
01:22:45]} {[%emt 00:00:40]} 13. a4 {[%clk 01:06:57]} {[%emt 00:07:05]} Re8
{[%clk 01:17:12]} {[%emt 00:06:02]} 14. Rfe1 {[%clk 01:06:17]} {[%emt
00:01:10]} Rc8 {[%clk 01:09:38]} {[%emt 00:08:04]} 15. Ne5 {[%clk 01:04:09]}
{[%emt 00:02:39]} d6 {[%clk 01:01:53]} {[%emt 00:08:15]} 16. Nxc6 {[%clk
00:56:41]} {[%emt 00:07:58]} Rxc6 {[%clk 01:02:13]} {[%emt 00:00:09]} 17. a5
{[%clk 00:48:55]} {[%emt 00:08:16]} Qd7 {[%clk 00:50:16]} {[%emt 00:12:27]} 18.
axb6 {[%clk 00:48:07]} {[%emt 00:01:18]} axb6 {[%clk 00:50:04]} {[%emt
00:00:42]} 19. Ra6 {[%clk 00:44:38]} {[%emt 00:03:59]} Bf8 {[%clk 00:44:37]}
{[%emt 00:05:57]} 20. Bg3 {[%clk 00:37:50]} {[%emt 00:07:17]} Rb8 {[%clk
00:38:16]} {[%emt 00:06:51]} 21. Qb5 {[%clk 00:32:29]} {[%emt 00:05:51]} Nd5
{[%clk 00:36:35]} {[%emt 00:02:10]} 22. Rea1 {[%clk 00:29:43]} {[%emt
00:03:17]} Nc7 {[%clk 00:29:12]} {[%emt 00:07:53]} 23. Ra7 {[%clk 00:30:09]}
{[%emt 00:00:04]} Qe8 {[%clk 00:29:37]} {[%emt 00:00:05]} 24. Qd3 {[%clk
00:29:46]} {[%emt 00:00:53]} b5 {[%emt 00:02:02]} 25. Ne4 {[%clk 00:29:46]} Qd8
{[%clk 00:26:45]} {[%emt 00:02:19]} 26. Qf3 {[%clk 00:19:04]} {[%emt 00:11:12]}
Rbb6 {[%clk 00:27:11]} {[%emt 00:00:04]} 27. Bf4 {[%clk 00:12:23]} {[%emt
00:07:12]} h6 {[%clk 00:20:37]} {[%emt 00:07:04]} 28. Qg3 {[%clk 00:11:57]}
{[%emt 00:00:56]} f5 {[%clk 00:19:13]} {[%emt 00:01:54]} 29. Nd2 {[%clk
00:08:20]} {[%emt 00:04:07]} Qf6 {[%clk 00:19:21]} {[%emt 00:00:22]} 30. Qd3
{[%clk 00:07:05]} {[%emt 00:01:45]} e5 {[%clk 00:13:31]} {[%emt 00:06:20]} 31.
dxe5 {[%clk 00:06:20]} {[%emt 00:01:16]} dxe5 {[%clk 00:13:59]} {[%emt
00:00:01]} 32. Be3 {[%clk 00:05:21]} {[%emt 00:01:29]} Rd6 {[%clk 00:13:26]}
{[%emt 00:01:02]} 33. Qe2 {[%clk 00:05:46]} {[%emt 00:00:05]} Rbc6 {[%clk
00:13:51]} {[%emt 00:00:05]} 34. Nf3 {[%clk 00:03:58]} {[%emt 00:02:18]} Rd5
{[%clk 00:08:12]} {[%emt 00:06:10]} 35. Rd1 {[%clk 00:03:45]} {[%emt 00:00:42]}
Rxd1+ {[%clk 00:07:56]} {[%emt 00:00:46]} 36. Qxd1 {[%clk 00:04:15]} f4 {[%clk
00:08:06]} {[%emt 00:00:20]} 37. Qb3+ {[%clk 00:03:40]} {[%emt 00:01:05]} Qe6
{[%clk 00:04:24]} {[%emt 00:04:12]} 38. Qxe6+ {[%clk 00:04:02]} {[%emt
00:00:09]} Nxe6 {[%clk 00:04:41]} {[%emt 00:00:13]} 39. Nxe5 {[%clk 00:03:33]}
{[%emt 00:00:58]} Rd6 {[%clk 00:02:57]} {[%emt 00:02:13]} 40. Bd4 {[%clk
00:03:56]} {[%emt 00:00:07]} Nxd4 {[%clk 00:02:54]} {[%emt 00:00:33]} 41. cxd4
{[%clk 00:04:21]} {[%emt 00:00:05]} Rxd4 {[%clk 00:02:41]} {[%emt 00:00:43]} 42.
Ra8 {[%clk 00:04:42]} {[%emt 00:00:10]} Rd6 {[%clk 00:02:25]} {[%emt 00:00:45]}
43. Rb8 {[%clk 00:01:39]} {[%emt 00:03:33]} g5 {[%clk 00:01:27]} {[%emt
00:01:28]} 44. Kf1 {[%clk 00:01:24]} {[%emt 00:00:45]} b4 {[%clk 00:30:23]}
{[%emt 00:01:34]} 45. Rxb4 {[%clk 00:08:04]} {[%emt 00:23:50]} Rd5 {[%clk
00:27:44]} {[%emt 00:03:09]} 46. Ng4 {[%clk 00:06:34]} {[%emt 00:02:00]} Bg7
{[%clk 00:28:06]} {[%emt 00:00:08]} 47. Ke2 {[%clk 00:05:32]} {[%emt 00:01:32]}
Rc5 {[%clk 00:27:04]} {[%emt 00:01:32]} 48. Kd3 {[%clk 00:05:28]} {[%emt
00:00:34]} Rd5+ {[%clk 00:22:13]} {[%emt 00:05:21]} 49. Ke4 {[%clk 00:04:49]}
{[%emt 00:01:08]} Rd2 {[%clk 00:22:07]} {[%emt 00:00:36]} 50. Kf5 {[%clk
00:04:51]} {[%emt 00:00:28]} Kh7 {[%clk 00:20:32]} {[%emt 00:02:06]} 51. Rb7
{[%clk 00:04:22]} {[%emt 00:00:59]} Rd5+ {[%clk 00:20:18]} {[%emt 00:00:44]} 52.
Ke4 {[%clk 00:04:32]} {[%emt 00:00:21]} Rd2 {[%clk 00:20:29]} {[%emt 00:00:16]}
53. Kf5 {[%clk 00:03:04]} {[%emt 00:02:00]} Rd5+ {[%clk 00:20:46]} {[%emt
00:00:13]} 54. Ke4 {[%clk 00:02:34]} {[%emt 00:00:59]} Rd2 {[%clk 00:20:59]}
{[%emt 00:00:18]} 55. Kf5 {[%emt 00:03:45]} 1/2-1/2

[Event "FIDE World Cup 2025"]
[Site "Goa, India"]
[Date "2025.11.02"]
[Round "2.37"]
[White "Kovalev, Vladislav"]
[Black "Velten, Paul"]
[Result "1/2-1/2"]
[TimeControl ": 90 minutes for the first 40 moves, followed by 30 minutes for the rest of the gamewith an increment of 30 seconds per move starting from move 1"]
[WhiteFideId "13504398"]
[BlackFideId "681091"]
[WhiteElo "2557"]
[BlackElo "2530"]

1. e4 {[%clk 01:30:56]} {[%emt 00:00:03]} e6 {[%clk 01:30:28]} {[%emt
00:00:32]} 2. d4 {[%clk 01:31:17]} {[%emt 00:00:10]} d5 {[%clk 01:30:25]}
{[%emt 00:00:33]} 3. exd5 {[%clk 01:31:14]} {[%emt 00:00:33]} exd5 {[%clk
01:30:26]} {[%emt 00:00:29]} 4. Nf3 {[%clk 01:31:10]} {[%emt 00:00:34]} Nf6
{[%clk 01:29:42]} {[%emt 00:01:13]} 5. Bd3 {[%clk 01:30:14]} {[%emt 00:01:26]}
c5 {[%clk 01:29:40]} {[%emt 00:00:32]} 6. O-O {[%clk 01:27:58]} {[%emt
00:02:47]} c4 {[%clk 01:29:30]} {[%emt 00:00:40]} 7. Re1+ {[%clk 01:24:48]}
{[%emt 00:03:40]} Be7 {[%clk 01:29:33]} {[%emt 00:00:26]} 8. Bf1 {[%clk
01:25:12]} {[%emt 00:00:05]} O-O {[%clk 01:29:35]} {[%emt 00:00:27]} 9. b3
{[%clk 01:21:59]} {[%emt 00:03:44]} cxb3 {[%clk 01:29:43]} {[%emt 00:00:22]} 10.
axb3 {[%clk 01:22:19]} {[%emt 00:00:10]} Nc6 {[%clk 01:29:47]} {[%emt
00:00:26]} 11. Ba3 {[%clk 01:12:33]} {[%emt 00:10:16]} Bxa3 {[%clk 01:27:14]}
{[%emt 00:03:02]} 12. Rxa3 {[%clk 01:12:25]} {[%emt 00:00:39]} Bg4 {[%clk
01:26:23]} {[%emt 00:01:20]} 13. c3 {[%clk 01:08:36]} {[%emt 00:04:20]} Qd6
{[%clk 01:25:08]} {[%emt 00:01:45]} 14. h3 {[%clk 01:05:17]} {[%emt 00:03:49]}
Bh5 {[%clk 01:24:56]} {[%emt 00:00:42]} 15. Ra2 {[%clk 01:01:40]} {[%emt
00:04:07]} Ne4 {[%clk 01:02:19]} {[%emt 00:23:06]} 16. b4 {[%clk 00:41:03]}
{[%emt 00:21:07]} a6 {[%clk 00:56:34]} {[%emt 00:06:15]} 17. b5 {[%clk
00:29:17]} {[%emt 00:12:16]} axb5 {[%clk 00:56:25]} {[%emt 00:00:39]} 18. Rxa8
{[%clk 00:29:42]} Rxa8 {[%clk 00:56:45]} {[%emt 00:00:16]} 19. Bxb5 {[%clk
00:29:58]} {[%emt 00:00:13]} Ra1 {[%clk 00:45:56]} {[%emt 00:11:19]} 20. Qe2
{[%clk 00:20:00]} {[%emt 00:10:28]} Bxf3 {[%clk 00:43:10]} {[%emt 00:03:15]} 21.
gxf3 {[%clk 00:11:08]} {[%emt 00:09:23]} Nf6 {[%clk 00:42:18]} {[%emt
00:01:21]} 22. Nd2 {[%clk 00:11:11]} {[%emt 00:00:28]} Ra3 {[%clk 00:38:16]}
{[%emt 00:04:32]} 23. Bxc6 {[%clk 00:09:37]} {[%emt 00:02:04]} Qxc6 {[%clk
00:37:18]} {[%emt 00:01:27]} 24. c4 {[%clk 00:09:28]} {[%emt 00:00:40]} Ra8
{[%clk 00:34:32]} {[%emt 00:03:15]} 25. cxd5 {[%clk 00:04:59]} {[%emt
00:04:59]} Qd7 {[%clk 00:31:26]} {[%emt 00:03:36]} 26. Ne4 {[%clk 00:03:33]}
{[%emt 00:01:57]} Nxd5 {[%clk 00:27:24]} {[%emt 00:04:32]} 27. Nc5 {[%clk
00:03:47]} {[%emt 00:00:16]} Qc6 {[%clk 00:27:11]} {[%emt 00:00:42]} 28. Qe4
{[%clk 00:03:06]} {[%emt 00:01:12]} h6 {[%clk 00:26:10]} {[%emt 00:01:31]} 29.
Nd3 {[%clk 00:01:12]} {[%emt 00:02:23]} Qd6 {[%clk 00:25:11]} {[%emt 00:01:29]}
30. f4 {[%clk 00:01:02]} {[%emt 00:00:40]} Rd8 {[%clk 00:25:04]} {[%emt
00:00:38]} 31. f5 {[%clk 00:00:56]} {[%emt 00:00:36]} b5 {[%clk 00:22:46]}
{[%emt 00:02:47]} 32. Qe5 {[%clk 00:00:40]} {[%emt 00:00:47]} Qa3 {[%clk
00:21:40]} {[%emt 00:01:35]} 33. Qg3 {[%clk 00:00:31]} {[%emt 00:00:39]} Qc3
{[%clk 00:20:54]} {[%emt 00:01:15]} 34. Rb1 {[%clk 00:00:32]} {[%emt 00:00:30]}
Qxd4 {[%clk 00:21:06]} {[%emt 00:00:17]} 35. Ne5 {[%clk 00:00:31]} {[%emt
00:00:31]} Nc3 {[%clk 00:18:09]} {[%emt 00:03:27]} 36. Re1 {[%clk 00:00:59]}
{[%emt 00:00:03]} Ne2+ {[%clk 00:17:55]} {[%emt 00:00:44]} 37. Rxe2 {[%clk
00:01:21]} {[%emt 00:00:09]} Qd1+ {[%clk 00:18:21]} {[%emt 00:00:03]} 38. Kh2
{[%clk 00:01:21]} {[%emt 00:00:30]} Qxe2 {[%clk 00:18:45]} {[%emt 00:00:05]} 39.
f6 {[%clk 00:01:30]} {[%emt 00:00:22]} g5 {[%clk 00:14:15]} {[%emt 00:05:00]}
40. Nxf7 {[%clk 00:01:53]} {[%emt 00:00:06]} Kxf7 {[%clk 00:12:46]} {[%emt
00:01:59]} 41. Qc7+ {[%clk 00:02:18]} {[%emt 00:00:05]} Kg6 {[%clk 00:13:04]}
{[%emt 00:00:12]} 42. Qxd8 {[%clk 00:00:54]} {[%emt 00:01:55]} Qxf2+ {[%clk
00:13:10]} {[%emt 00:00:24]} 43. Kh1 {[%clk 00:01:20]} {[%emt 00:00:03]} Qf3+
{[%clk 00:12:09]} {[%emt 00:01:31]} 44. Kh2 {[%clk 00:00:52]} {[%emt 00:00:58]}
Qf4+ {[%clk 00:08:38]} {[%emt 00:04:02]} 45. Kg2 {[%clk 00:28:41]} {[%emt
00:02:40]} Qe4+ {[%clk 00:38:10]} {[%emt 00:00:59]} 46. Kg1 {[%clk 00:20:51]}
{[%emt 00:08:18]} Qb1+ {[%clk 00:36:59]} {[%emt 00:01:42]} 47. Kg2 {[%clk
00:20:03]} {[%emt 00:01:17]} Qc2+ {[%clk 00:35:16]} {[%emt 00:02:15]} 48. Kg3
{[%clk 00:16:01]} {[%emt 00:04:32]} Qc3+ {[%clk 00:35:10]} {[%emt 00:00:36]} 49.
Kg2 {[%clk 00:14:48]} {[%emt 00:01:43]} Qb2+ {[%clk 00:35:33]} {[%emt
00:00:06]} 50. Kg3 {[%clk 00:12:31]} {[%emt 00:02:44]} Qe5+ {[%clk 00:35:52]}
{[%emt 00:00:13]} 51. Kg2 {[%clk 00:12:39]} {[%emt 00:00:21]} Kf7 {[%clk
00:35:49]} {[%emt 00:00:33]} 52. Qd7+ {[%clk 00:08:53]} {[%emt 00:04:17]} Kxf6
{[%clk 00:33:59]} {[%emt 00:02:20]} 53. Qc6+ {[%clk 00:09:21]} {[%emt
00:00:02]} Kg7 {[%clk 00:26:32]} {[%emt 00:07:57]} 54. Qb7+ {[%clk 00:07:42]}
{[%emt 00:02:08]} Kf8 {[%clk 00:26:57]} {[%emt 00:00:06]} 55. Qf3+ {[%clk
00:07:15]} {[%emt 00:00:57]} Ke7 {[%clk 00:20:21]} {[%emt 00:07:05]} 56. Qb7+
{[%clk 00:07:40]} {[%emt 00:00:05]} Kd8 {[%clk 00:20:43]} {[%emt 00:00:09]} 57.
Qb6+ {[%clk 00:07:27]} {[%emt 00:00:43]} Kd7 {[%clk 00:20:48]} {[%emt
00:00:25]} 58. Qb7+ {[%clk 00:07:46]} {[%emt 00:00:10]} Kd6 {[%clk 00:21:07]}
{[%emt 00:00:11]} 59. Qb6+ {[%clk 00:07:33]} {[%emt 00:00:44]} Ke7 {[%clk
00:21:30]} {[%emt 00:00:07]} 60. Qb7+ {[%clk 00:07:55]} {[%emt 00:00:08]} Kf6
{[%clk 00:21:52]} {[%emt 00:00:08]} 61. Qc6+ {[%clk 00:08:08]} {[%emt
00:00:17]} Ke7 {[%clk 00:14:53]} {[%emt 00:07:29]} 62. Qb7+ {[%emt 00:00:55]}
1/2-1/2

[Event "FIDE World Cup 2025"]
[Site "Goa, India"]
[Date "2025.11.02"]
[Round "2.38"]
[White "Stremavicius, Titas"]
[Black "Bogner, Sebastian"]
[Result "1/2-1/2"]
[TimeControl ": 90 minutes for the first 40 moves, followed by 30 minutes for the rest of the gamewith an increment of 30 seconds per move starting from move 1"]
[WhiteFideId "12804444"]
[BlackFideId "4692055"]
[WhiteElo "2531"]
[BlackElo "2555"]

1. d4 {[%clk 01:30:54]} {[%emt 00:00:04]} Nf6 {[%clk 01:30:55]} {[%emt
00:00:06]} 2. Nf3 {[%clk 01:31:16]} {[%emt 00:00:08]} d5 {[%clk 01:31:05]}
{[%emt 00:00:20]} 3. Bf4 {[%clk 01:31:35]} {[%emt 00:00:11]} c5 {[%clk
01:29:11]} {[%emt 00:02:25]} 4. e3 {[%clk 01:31:57]} {[%emt 00:00:07]} Nc6
{[%clk 01:29:36]} {[%emt 00:00:06]} 5. Be2 {[%clk 01:32:06]} {[%emt 00:00:20]}
Bg4 {[%clk 01:26:08]} {[%emt 00:03:58]} 6. Nbd2 {[%clk 01:26:14]} {[%emt
00:06:22]} e6 {[%clk 01:23:57]} {[%emt 00:02:42]} 7. O-O {[%clk 01:25:56]}
{[%emt 00:00:47]} cxd4 {[%clk 01:08:52]} {[%emt 00:15:35]} 8. exd4 {[%clk
01:25:53]} {[%emt 00:00:32]} Bd6 {[%clk 01:09:16]} {[%emt 00:00:06]} 9. Bxd6
{[%clk 01:25:24]} {[%emt 00:00:59]} Qxd6 {[%clk 01:09:43]} {[%emt 00:00:04]} 10.
c3 {[%clk 01:25:30]} {[%emt 00:00:23]} O-O {[%clk 01:10:04]} {[%emt 00:00:09]}
11. Re1 {[%clk 01:24:48]} {[%emt 00:01:11]} Qc7 {[%clk 01:09:09]} {[%emt
00:01:26]} 12. Bd3 {[%clk 01:20:33]} {[%emt 00:04:45]} Bh5 {[%clk 01:08:48]}
{[%emt 00:00:51]} 13. Qe2 {[%clk 01:10:54]} {[%emt 00:10:09]} Rfe8 {[%clk
00:57:54]} {[%emt 00:11:25]} 14. Qe3 {[%clk 01:09:20]} {[%emt 00:02:03]} a6
{[%clk 00:55:58]} {[%emt 00:02:26]} 15. Ne5 {[%clk 00:50:02]} {[%emt 00:19:48]}
Ne7 {[%clk 00:48:54]} {[%emt 00:07:35]} 16. a4 {[%clk 00:32:42]} {[%emt
00:17:49]} Bg6 {[%clk 00:47:43]} {[%emt 00:01:41]} 17. Bxg6 {[%clk 00:31:58]}
{[%emt 00:01:14]} Nxg6 {[%clk 00:46:47]} {[%emt 00:01:27]} 18. Nxg6 {[%clk
00:25:13]} {[%emt 00:07:15]} hxg6 {[%clk 00:46:52]} {[%emt 00:00:25]} 19. Nf3
{[%clk 00:25:37]} {[%emt 00:00:06]} Ne4 {[%clk 00:43:57]} {[%emt 00:03:26]} 20.
h4 {[%clk 00:24:50]} {[%emt 00:01:17]} b5 {[%clk 00:32:51]} {[%emt 00:11:36]}
21. axb5 {[%clk 00:20:27]} {[%emt 00:04:53]} axb5 {[%clk 00:33:07]} {[%emt
00:00:15]} 22. Ng5 {[%clk 00:20:52]} {[%emt 00:00:04]} Nxg5 {[%clk 00:20:36]}
{[%emt 00:13:00]} 23. hxg5 {[%clk 00:21:04]} {[%emt 00:00:18]} Rxa1 {[%clk
00:21:01]} {[%emt 00:00:06]} 24. Rxa1 {[%clk 00:21:29]} {[%emt 00:00:05]} Rb8
{[%clk 00:17:21]} {[%emt 00:04:09]} 25. g3 {[%clk 00:20:11]} {[%emt 00:01:47]}
Qb7 {[%clk 00:13:27]} {[%emt 00:04:25]} 26. Kg2 {[%clk 00:19:39]} {[%emt
00:01:01]} Ra8 {[%clk 00:13:04]} {[%emt 00:00:54]} 27. Rh1 {[%clk 00:14:32]}
{[%emt 00:05:36]} Qc7 {[%clk 00:11:14]} {[%emt 00:02:20]} 28. Qe2 {[%clk
00:04:53]} {[%emt 00:10:10]} Qc4 {[%clk 00:09:40]} {[%emt 00:02:05]} 29. Qf3
{[%clk 00:03:13]} {[%emt 00:02:10]} Rf8 {[%clk 00:03:33]} {[%emt 00:06:37]} 30.
Qg4 {[%clk 00:02:34]} {[%emt 00:01:09]} Qd3 {[%clk 00:03:34]} {[%emt 00:00:29]}
31. Qh4 {[%clk 00:01:22]} {[%emt 00:01:43]} f5 {[%clk 00:02:30]} {[%emt
00:01:35]} 32. Qf4 {[%clk 00:00:52]} {[%emt 00:01:00]} Qe4+ {[%clk 00:01:23]}
{[%emt 00:01:37]} 33. Qxe4 {[%clk 00:01:20]} {[%emt 00:00:02]} fxe4 {[%clk
00:01:43]} {[%emt 00:00:10]} 34. Ra1 {[%clk 00:01:46]} {[%emt 00:00:04]} b4
{[%clk 00:01:40]} {[%emt 00:00:32]} 35. cxb4 {[%clk 00:01:33]} {[%emt
00:00:43]} Rc8 {[%clk 00:01:20]} {[%emt 00:00:50]} 36. Ra3 {[%clk 00:00:47]}
{[%emt 00:01:16]} Rb8 {[%clk 00:00:49]} {[%emt 00:01:01]} 37. Ra4 {[%clk
00:00:34]} {[%emt 00:00:43]} Kf7 {[%clk 00:00:53]} {[%emt 00:00:26]} 38. f3
{[%clk 00:00:42]} {[%emt 00:00:22]} e5 {[%clk 00:00:36]} {[%emt 00:00:48]} 39.
fxe4 {[%clk 00:00:33]} {[%emt 00:00:38]} dxe4 {[%clk 00:00:33]} {[%emt
00:00:33]} 40. d5 {[%clk 00:00:34]} {[%emt 00:00:29]} Rb5 {[%clk 00:00:44]}
{[%emt 00:00:19]} 41. Ra7+ {[%clk 00:29:08]} {[%emt 00:01:55]} Ke8 {[%clk
00:23:12]} {[%emt 00:08:01]} 42. d6 {[%clk 00:26:49]} {[%emt 00:02:49]} Rxb4
{[%clk 00:22:20]} {[%emt 00:01:23]} 43. Rxg7 {[%clk 00:16:53]} {[%emt
00:10:26]} Rxb2+ {[%clk 00:22:07]} {[%emt 00:00:43]} 44. Kf1 {[%clk 00:17:19]}
{[%emt 00:00:03]} Rd2 {[%clk 00:20:09]} {[%emt 00:02:29]} 45. Rxg6 {[%clk
00:17:41]} {[%emt 00:00:08]} Kf7 {[%clk 00:10:50]} {[%emt 00:09:50]} 46. Rf6+
{[%clk 00:14:49]} {[%emt 00:03:22]} Kg7 {[%clk 00:11:15]} {[%emt 00:00:05]} 47.
Ke1 {[%clk 00:13:28]} {[%emt 00:01:50]} e3 {[%clk 00:11:42]} {[%emt 00:00:04]}
48. Kf1 {[%clk 00:08:42]} {[%emt 00:05:15]} Kg8 {[%clk 00:11:44]} {[%emt
00:00:28]} 49. Ke1 {[%clk 00:05:01]} {[%emt 00:04:11]} Kg7 {[%clk 00:11:43]}
{[%emt 00:00:32]} 50. Kf1 {[%clk 00:05:25]} {[%emt 00:00:05]} Kg8 {[%clk
00:12:09]} {[%emt 00:00:04]} 51. Ke1 {[%clk 00:05:51]} {[%emt 00:00:04]}
1/2-1/2

[Event "FIDE World Cup 2025"]
[Site "Goa, India"]
[Date "2025.11.02"]
[Round "2.39"]
[White "Can, Emre"]
[Black "Maksimovic, Bojan"]
[Result "1/2-1/2"]
[TimeControl ": 90 minutes for the first 40 moves, followed by 30 minutes for the rest of the gamewith an increment of 30 seconds per move starting from move 1"]
[WhiteFideId "6302181"]
[BlackFideId "14408120"]
[WhiteElo "2552"]
[BlackElo "2532"]

1. d4 {[%clk 01:30:52]} {[%emt 00:00:07]} Nf6 {[%clk 01:30:49]} {[%emt
00:00:11]} 2. c4 {[%clk 01:31:06]} {[%emt 00:00:17]} g6 {[%clk 01:31:12]}
{[%emt 00:00:07]} 3. Nc3 {[%clk 01:31:18]} {[%emt 00:00:17]} Bg7 {[%clk
01:31:36]} {[%emt 00:00:06]} 4. e4 {[%clk 01:31:23]} {[%emt 00:00:26]} d6
{[%clk 01:32:00]} {[%emt 00:00:06]} 5. Be2 {[%clk 01:31:20]} {[%emt 00:00:32]}
O-O {[%clk 01:31:56]} {[%emt 00:00:35]} 6. Nf3 {[%clk 01:31:22]} {[%emt
00:00:28]} Na6 {[%clk 01:32:09]} {[%emt 00:00:17]} 7. O-O {[%clk 01:30:55]}
{[%emt 00:00:56]} e5 {[%clk 01:32:33]} {[%emt 00:00:06]} 8. Be3 {[%clk
01:28:19]} {[%emt 00:03:06]} c6 {[%clk 01:32:23]} {[%emt 00:00:40]} 9. Qc2
{[%clk 01:24:09]} {[%emt 00:04:40]} exd4 {[%clk 01:31:15]} {[%emt 00:01:38]} 10.
Nxd4 {[%clk 01:24:00]} {[%emt 00:00:40]} Re8 {[%clk 01:31:15]} {[%emt
00:00:30]} 11. Rad1 {[%clk 01:22:03]} {[%emt 00:02:27]} Qe7 {[%clk 01:30:19]}
{[%emt 00:01:26]} 12. f3 {[%clk 01:21:37]} {[%emt 00:00:55]} d5 {[%clk
01:25:52]} {[%emt 00:04:57]} 13. cxd5 {[%clk 01:15:51]} {[%emt 00:06:17]} Nb4
{[%clk 01:25:55]} {[%emt 00:00:27]} 14. Qd2 {[%clk 01:11:06]} {[%emt 00:05:14]}
Nbxd5 {[%clk 01:24:48]} {[%emt 00:01:37]} 15. exd5 {[%clk 01:05:22]} {[%emt
00:06:14]} Qxe3+ {[%clk 01:25:10]} {[%emt 00:00:09]} 16. Qxe3 {[%clk 01:05:46]}
{[%emt 00:00:06]} Rxe3 {[%clk 01:25:34]} {[%emt 00:00:06]} 17. dxc6 {[%clk
01:05:57]} {[%emt 00:00:20]} bxc6 {[%clk 01:25:58]} {[%emt 00:00:05]} 18. Nxc6
{[%clk 01:05:15]} {[%emt 00:01:12]} Bd7 {[%clk 01:26:13]} {[%emt 00:00:15]} 19.
Na5 {[%clk 01:04:55]} {[%emt 00:00:50]} Bf8 {[%clk 01:08:44]} {[%emt 00:18:00]}
20. Bd3 {[%clk 00:57:16]} {[%emt 00:08:08]} Bc5 {[%clk 01:03:32]} {[%emt
00:05:42]} 21. Kh1 {[%clk 00:57:29]} {[%emt 00:00:16]} Be6 {[%clk 00:52:24]}
{[%emt 00:11:38]} 22. Rfe1 {[%clk 00:42:59]} {[%emt 00:15:00]} Rxe1+ {[%clk
00:34:24]} {[%emt 00:18:31]} 23. Rxe1 {[%clk 00:43:27]} {[%emt 00:00:02]} Kf8
{[%clk 00:21:39]} {[%emt 00:13:15]} 24. Bc4 {[%clk 00:39:18]} {[%emt 00:04:38]}
Bb6 {[%clk 00:17:55]} {[%emt 00:04:15]} 25. Bxe6 {[%clk 00:39:00]} {[%emt
00:00:48]} Bxa5 {[%clk 00:18:22]} {[%emt 00:00:03]} 26. Bb3 {[%clk 00:38:28]}
{[%emt 00:01:02]} Rc8 {[%clk 00:18:24]} {[%emt 00:00:28]} 27. Rd1 {[%clk
00:29:43]} {[%emt 00:09:15]} Rc5 {[%clk 00:18:04]} {[%emt 00:00:50]} 28. Rd3
{[%clk 00:24:42]} {[%emt 00:05:30]} Re5 {[%clk 00:17:13]} {[%emt 00:01:21]} 29.
g3 {[%clk 00:20:19]} {[%emt 00:04:53]} Re1+ {[%clk 00:15:48]} {[%emt 00:01:54]}
30. Kg2 {[%clk 00:20:47]} {[%emt 00:00:03]} Bb6 {[%clk 00:16:08]} {[%emt
00:00:11]} 31. Rd1 {[%clk 00:19:22]} {[%emt 00:01:54]} Re5 {[%clk 00:15:38]}
{[%emt 00:01:00]} 32. Bc4 {[%clk 00:18:43]} {[%emt 00:01:09]} h5 {[%clk
00:15:35]} {[%emt 00:00:34]} 33. b4 {[%clk 00:11:57]} {[%emt 00:07:16]} h4
{[%clk 00:14:46]} {[%emt 00:01:18]} 34. a4 {[%clk 00:10:03]} {[%emt 00:02:25]}
Re3 {[%clk 00:12:00]} {[%emt 00:03:16]} 35. Rd3 {[%clk 00:08:08]} {[%emt
00:02:24]} Rxd3 {[%clk 00:11:39]} {[%emt 00:00:52]} 36. Bxd3 {[%clk 00:08:36]}
{[%emt 00:00:02]} hxg3 {[%clk 00:11:17]} {[%emt 00:00:52]} 37. hxg3 {[%clk
00:08:47]} {[%emt 00:00:19]} a5 {[%clk 00:11:11]} {[%emt 00:00:36]} 38. b5
{[%clk 00:09:01]} {[%emt 00:00:16]} g5 {[%clk 00:10:09]} {[%emt 00:01:32]} 39.
Bc4 {[%clk 00:08:30]} {[%emt 00:01:01]} Ke7 {[%clk 00:10:22]} {[%emt 00:00:17]}
40. Kf1 {[%clk 00:05:40]} {[%emt 00:03:19]} Bd4 {[%clk 00:08:57]} {[%emt
00:01:56]} 41. Ne2 {[%clk 00:05:44]} {[%emt 00:00:26]} Bb6 {[%clk 00:02:00]}
{[%emt 00:07:28]} 42. Ke1 {[%clk 00:04:26]} {[%emt 00:01:44]} Nd7 {[%clk
00:30:08]} {[%emt 00:02:25]} 43. Kd2 {[%clk 00:29:22]} {[%emt 00:05:35]} Ne5
{[%clk 00:29:15]} {[%emt 00:01:22]} 44. Bd5 {[%clk 00:29:44]} {[%emt 00:00:08]}
Kd6 {[%clk 00:29:28]} {[%emt 00:00:17]} 45. Be4 {[%clk 00:29:20]} {[%emt
00:00:53]} Bc5 {[%clk 00:28:31]} {[%emt 00:01:28]} 46. Kc3 {[%clk 00:26:43]}
{[%emt 00:03:06]} Bf2 {[%clk 00:26:44]} {[%emt 00:02:17]} 47. Nd4 {[%clk
00:20:09]} {[%emt 00:07:05]} Bxd4+ {[%clk 00:22:24]} {[%emt 00:04:50]} 48. Kxd4
{[%clk 00:20:36]} {[%emt 00:00:03]} Nd7 {[%clk 00:22:49]} {[%emt 00:00:06]} 49.
Bc2 {[%clk 00:13:27]} {[%emt 00:07:39]} f6 {[%clk 00:22:18]} {[%emt 00:01:01]}
50. Bb3 {[%clk 00:13:15]} {[%emt 00:00:42]} Nb6 {[%clk 00:22:41]} {[%emt
00:00:07]} 51. Ke4 {[%clk 00:11:46]} {[%emt 00:01:58]} Nd7 {[%clk 00:22:07]}
{[%emt 00:01:05]} 52. Kf5 {[%clk 00:12:04]} {[%emt 00:00:12]} Ke7 {[%clk
00:22:32]} {[%emt 00:00:06]} 53. Bc2 {[%clk 00:11:53]} {[%emt 00:00:41]}
1/2-1/2